| 000 | 01041nam a2200217Ia 4500 | ||
|---|---|---|---|
| 999 |
_c40073 _d40073 |
||
| 001 | 6679 | ||
| 003 | GE_BSU | ||
| 005 | 20191127121911.0 | ||
| 008 | 181216s1992||||ge |||||||||||||| ||geo|| | ||
| 040 | _cGE_BSU | ||
| 041 | _ageo | ||
| 080 | _a821.353.1-32 გ-19 | ||
| 100 |
_aგამსახურდია, კონსტანტინე. _91395 |
||
| 245 |
_aნოველები : ტომი I. / _cკონსტანტინე, გამსახურდია ; სარედ. კოლეგია : ზვიად გამსახურდია (მთ.რედ) ; ტომის რედ. სოსო სიგუა. |
||
| 264 |
_aთბილისი : _bდიდოსტატი, _c1992. |
||
| 300 |
_a415 გვ. ; _c21 სმ. |
||
| 653 | _aნოველები | ||
| 700 |
_aგამსახურდია, ზვიად _eმთ. რედაქტორი _95585 |
||
| 700 |
_aსიგუა, სოსო _eტომის რედაქტორი _95588 |
||
| 942 |
_cBK _2udc |
||